LEADER 00960nam2-22003251i-450- 001 990000187400403321 035 $a000018740 035 $aFED01000018740 035 $a(Aleph)000018740FED01 035 $a000018740 100 $a20011111d--------km-y0itay50------ba 101 0 $aita 105 $ay-------001yy 200 1 $a2. : Parte 2. : I sistemi trifase. VII,161 p. : ill. 210 $aPisa$cColombo Cursi$d1971- 215 $av.$d26 cm 461 0$1001000000204$12001$aLezioni di elettrotecnica generale 610 0 $aElettrotecnica 676 $a621.3 700 1$aBattistini,$bGiulio$f<1912-2004>$0330962 801 0$aIT$bUNINA$gRICA$2UNIMARC 901 $aBK 912 $a990000187400403321 952 $a13 C 07 09$b29182$fFINBC 952 $a13 C 07 08$b28354$fFINBC 952 $a13 C 16 22$b28170$fFINBC 959 $aFINBC 996 $a2. : Parte 2. : I sistemi trifase. VII,161 p. : ill$9122641 997 $aUNINA DB $aING01 LEADER 04114nam 2200697 450 001 9910459742803321 005 20200903223051.0 010 $a3-11-037397-1 010 $a3-11-030100-8 024 7 $a10.1515/9783110301007 035 $a(CKB)3710000000229369 035 $a(EBL)990703 035 $a(SSID)ssj0001332817 035 $a(PQKBManifestationID)12596919 035 $a(PQKBTitleCode)TC0001332817 035 $a(PQKBWorkID)11376358 035 $a(PQKB)11031657 035 $a(MiAaPQ)EBC990703 035 $a(DE-B1597)179341 035 $a(OCoLC)885386254 035 $a(OCoLC)890089565 035 $a(DE-B1597)9783110301007 035 $a(Au-PeEL)EBL990703 035 $a(CaPaEBR)ebr11010154 035 $a(CaONFJC)MIL783309 035 $a(EXLCZ)993710000000229369 100 $a20150205h20142014 uy 0 101 0 $ager 135 $aur|n|---||||| 181 $ctxt 182 $cc 183 $acr 200 10$aErfolgreich recherchieren$iWirtschaftswissenschaften /$fTamara Pianos, Nicole Kru?ger 210 1$aBerlin, Germany :$cDe Gruyter Saur,$d2014. 210 4$d©2014 215 $a1 online resource (133 p.) 225 1 $aDe Gruyter Studium,$x2194-3443 300 $aDescription based upon print version of record. 311 $a3-11-030099-0 320 $aIncludes bibliographical references and index. 327 $t Frontmatter -- $tVorwort -- $tInhaltsverzeichnis -- $tBasics der Literaturrecherche -- $t1. Recherche vorbereiten -- $t2. Was suchen? Buch, Aufsatz, Working Paper -- $t3. Wo suchen? Datenbank / Katalog / Suchmaschine -- $t4. Suche durchführen -- $t5. Häufig gestellte Fragen (Basics) -- $t6. Zusammengefasst: Basics für Eilige -- $tAdvanced: Literatur- und Faktenrecherche für angehende Profis -- $t7. (Die wichtigsten) Zeitschriften finden -- $t8. Zitationsanalyse und Forscher-Rankings - Oder: Wer/was wird am häufigsten zitiert? -- $t9. Fachportale und Fachangebote im Netz -- $t10. Dissertationen finden -- $t11. Presseartikel finden -- $t12. Statistiken finden -- $t13. Spezialbibliotheken nutzen -- $t14. Kontakte finden -- $t15. Auf dem Laufenden bleiben -- $t16. Häufig gestellte Fragen (Advanced) -- $t17. Zusammengefasst: Advanced für Eilige -- $tInformationen weiter verarbeiten -- $t18. Literatur bewerten -- $t19. Literatur beschaffen: Der Weg zum Volltext -- $t20. Literaturverwaltung -- $t21. Literatur zitieren -- $tNachwort -- $tRessourcenverzeichnis -- $tSachregister -- $tLiteraturhinweise -- $tAbbildungsnachweise -- $tÜber die Autorinnen 330 $aDer Band Erfolgreich recherchieren - Wirtschaftswissenschaften bietet einen umfassenden Überblick über die Informationsressourcen zu allen Teilgebieten der Wirtschaftswissenschaften. Vorgestellt werden nicht nur die zentralen Rechercheinstrumente wie Bibliothekskataloge, Fachbibliographien, Internetsuchmaschinen, Aufsatzdatenbanken und Nachschlagewerke, sondern auch Strategien für die erfolgreiche Literaturrecherche, die Suche nach statistischem Material und die Bewertung der gefundenen Quellen z.B. mit Hilfe von Rankings. Ein eigener Teil des Buches widmet sich der Weiterverarbeitung der gefundenen Informationen, also der Literaturbeschaffung, der Verwendung von Literaturverwaltungsprogrammen und dem richtigen Zitieren. Ob für das erste Referat oder die Abschlussarbeit - hier bekommen Sie einen kompetenten Leitfaden für die erfolgreiche betriebs- und volkswirtschaftliche Recherche an die Hand. 410 0$aDe Gruyter Studium. 606 $aEconomics$xResearch 606 $aEconomics literature 606 $aEconomics$xInformation resources 608 $aElectronic books. 615 0$aEconomics$xResearch. 615 0$aEconomics literature. 615 0$aEconomics$xInformation resources. 676 $a025.06/33 686 $aAK 39500$2rvk 700 $aPianos$b Tamara$01031482 702 $aKru?ger$b Nicole 801 0$bMiAaPQ 801 1$bMiAaPQ 801 2$bMiAaPQ 906 $aBOOK 912 $a9910459742803321 996 $aErfolgreich recherchieren$92448895 997 $aUNINA LEADER 01479oam 2200421 a 450 001 9910702262703321 005 20121023145536.0 035 $a(CKB)5470000002425520 035 $a(OCoLC)808823592 035 $a(EXLCZ)995470000002425520 100 $a20120831d2012 ua 0 101 0 $aeng 135 $aurmn||||||||| 181 $ctxt$2rdacontent 182 $cc$2rdamedia 183 $acr$2rdacarrier 200 10$aGun control$b[electronic resource] $estates' laws and requirements for concealed carry permits vary across the nation : report to congressional requesters 210 1$a[Washington, D.C.] :$cU.S. Govt. Accountability Office,$d[2012] 215 $a1 online resource (iii, 84 pages) $ccolor illustrations, maps 300 $aTitle from PDF title screen (viewed Aug. 31, 2012). 300 $a"July 2012." 300 $a"GAO-12-717." 320 $aIncludes bibliographical references. 517 $aGun control 606 $aGun control$zUnited States$xStates 606 $aFirearms ownership$xLaw and legislation$zUnited States$xStates 606 $aFirearms$xLaw and legislation$zUnited States$xStates 615 0$aGun control$xStates. 615 0$aFirearms ownership$xLaw and legislation$xStates. 615 0$aFirearms$xLaw and legislation$xStates. 801 0$bZBL 801 1$bZBL 801 2$bOCLCO 801 2$bGPO 906 $aBOOK 912 $a9910702262703321 996 $aGun control$92698868 997 $aUNINA